Library Banner

Education and conversation : (Record no. 112302)

MARC details
000 -LEADER
fixed length control field 00726cam a2200229 i 4500
001 - CONTROL NUMBER
control field 18857624
005 - DATE AND TIME OF LATEST TRANSACTION
control field 20190426120057.0
008 - FIXED-LENGTH DATA ELEMENTS--GENERAL INFORMATION
fixed length control field 151116s2016 enk b 001 0 eng
020 ## - INTERNATIONAL STANDARD BOOK NUMBER
International Standard Book Number 9781472584335 (hardback)
020 ## - INTERNATIONAL STANDARD BOOK NUMBER
International Standard Book Number 9781472584328 (pb)
040 ## - CATALOGING SOURCE
Transcribing agency PK-LaUMT
082 00 - DEWEY DECIMAL CLASSIFICATION NUMBER
Classification number 370.112
Edition number 23
Item number EDU-
245 00 - TITLE STATEMENT
Title Education and conversation :
Remainder of title exploring Oakeshott's legacy /
Statement of responsibility, etc edited by David Bakhurst and Paul Fairfield
260 ## - PUBLICATION, DISTRIBUTION, ETC. (IMPRINT)
Place of publication, distribution, etc London :
Name of publisher, distributor, etc Bloomsbury Academic,
Date of publication, distribution, etc 2016
300 ## - PHYSICAL DESCRIPTION
Extent viii, 245 p. ;
Dimensions 24 cm
650 #0 - SUBJECT ADDED ENTRY--TOPICAL TERM
Topical term or geographic name as entry element Education, Humanistic.
650 #7 - SUBJECT ADDED ENTRY--TOPICAL TERM
Topical term or geographic name as entry element EDUCATION / Philosophy & Social Aspects.
650 #7 - SUBJECT ADDED ENTRY--TOPICAL TERM
Topical term or geographic name as entry element EDUCATION / General.
700 1# - ADDED ENTRY--PERSONAL NAME
Personal name Bakhurst, David,
700 1# - ADDED ENTRY--PERSONAL NAME
Personal name Fairfield, Paul,
942 ## - ADDED ENTRY ELEMENTS (KOHA)
Koha item type Books
Holdings
Withdrawn status Lost status Damaged status Home library Current library Date acquired Full call number Barcode Date last seen Price effective from Koha item type
      UMT Main Campus UMT Main Campus 2019-04-26 370.112 EDU- 129485 2019-04-26 2019-04-26 Books